| 000 | 00439nam a22001697a 4500 | ||
|---|---|---|---|
| 999 |
_c20426 _d20426 |
||
| 005 | 20190228093436.0 | ||
| 008 | 190228b xxu||||| |||| 00| 0 spa d | ||
| 040 |
_aCO-BoIAVH _cCO-BoIAVH |
||
| 041 | _aspa | ||
| 044 | _ack | ||
| 090 |
_aFG _b0324 |
||
| 110 | _aWWT | ||
| 245 |
_aPLAN DE ACCIÓN DEL COMPLEJO ECORREGIONAL _bCHOCO-DARIEN |
||
| 260 |
_aCOLOMBIA: _bWWT, _c2008. |
||
| 300 |
_aFOLLETO _c22-23cm |
||
| 942 |
_2z _cFolleto |
||